Statistics for Realms of the Ku Klux Klan

Click here to take the quiz!

General Stats

  • This quiz has been taken 127 times
  • The average score is 12 of 14

Answers on the Map

Answers color-coded by a green-red scale on the quiz's map according to % correct below.
 

Answer Stats

Realm% Correct
Texas
99%
Florida
96%
Alabama
88%
Mississippi
87%
Georgia
86%
North Carolina
86%
South Carolina
86%
Louisiana
85%
Tennessee
85%
Virginia
85%
Kentucky
83%
Arkansas
81%
Maryland
77%
Missouri
76%

Score Distribution

Percentile by Number Answered

Percent of People with Each Score

Your Score History

You have not taken this quiz